EHF Handball Champions League Winners - Statistics

General Stats
  • This quiz has been taken 866 times
    688 since last reset
  • The average score is 10 of 31
Answer Stats
Hint Answer Winners Finalist % Correct
Spain FC Barcelona Handbol 9 4
99%
Germany THW Kiel 3 4
94%
Germany SG Flensburg-Handewitt 1 2
66%
Macedonia RK Vardar 1 0
64%
Poland Vive Targi Kielce 1 0
64%
Croatia RK Zagreb 2 4
62%
Germany SC Magdeburg 3 0
58%
Germany HSV Hamburg 1 0
54%
France Montpellier Agglomération Handball 1 0
49%
Spain BM Ciudad Real 3 2
48%
Belarus SKA Minsk 3 0
34%
Slovenia RK Celje 1 0
29%
Germany VfL Gummersbach 5 1
28%
Czech Republic Praha 1 0
24%
Croatia RK Bjelovar 1 2
22%
Romania CS Dinamo București 1 1
20%
Russia CSKA Moscow 1 2
20%
Russia MAI Moscow 1 1
18%
Romania Steaua MFA București 2 2
17%
Serbia RK Metaloplastika Sabac 2 1
16%
Spain SDC San Antonio 1 2
16%
Hungary Budapest Honvéd 1 1
14%
Bosnia and Herzegovina RK Borac Banja Luka 1 1
14%
Czech Republic HC Dukla Prague 3 2
12%
Germany Frisch Auf Göppingen 2 1
11%
Germany TV Grosswallstadt 2 0
11%
Germany SC DHfK Leipzig 1 0
9%
Spain CD Bidasoa 1 1
8%
Sweden Redbergslids IK Göteborg 1 0
7%
Spain CB Cantabria 1 1
5%
Germany ASK Vorwärts Frankfurt 1 0
4%
No matching quizzes found
Score Distribution
Percent of People with Each Score
Percentile by Number Answered
Your Score History
You have not taken this quiz since the last reset